00417nam a2200181Ia 4500008004100000020001800041050001400059100001800073245002700091245001800118260001500136260001600151260000900167300001400176300002700190300001000217500000800227170918s9999 xx 000 0 und d a9780439848312 bM647 1999 aMiller, David aJust like you and me / cDavid Miller. aNew York : bScholastic, c1999 aunpaged : bcolored illustration ; c28cm. a190